Car Make by Model Quiz Stats

 Plays Quiz not verified by Sporcle

Score 0/20 Timer 05:00
0 Plays Today
Car Models Car Make % Correct
Accord, S2000, JazzHonda
91.4%
Beetle, Polo, JettaVolkswagen
91.2%
Raptor, Fusion, GalaxyFord
82%
R8, S4, A4Audi
81.3%
Panamera, Cayenne, BoxterPorsche
79.6%
Rio, Forte, SorentoKia
77.7%
Z4, M3 GTR, M3BMW
74.6%
Genesis, Accent, ElantraHyundai
70.9%
Reventon, LP-460, GallardoLambourghini
67.5%
Ghost, Phantom, Silver ShadowRolls Royce
66.4%
Car Models Car Make % Correct
Patriot, Grand, Commander SUVJeep
65.7%
XJ, SS100, XFJaguar
65.7%
F50, F40, 599Ferrari
64.2%
LF 50, RX 350, IS350Lexus
61.2%
C70, XC90, S40Volvo
59.7%
Punto, Panda, BravoFiat
56.8%
Laguna, Twingo, MeganeRenault
49.7%
Insignia, Vectra, ZafiraVauxhall
42.8%
C3, DS4, SurvoltCitroen
41.9%
Trident Mini, P50, Trident LFPeel
22.9%

You're not logged in!

Compare scores with friends on all Sporcle quizzes.
OR
Log In

Show Comments

Extras

Top Quizzes Today


Score Distribution

Your Account Isn't Verified!

In order to create a playlist on Sporcle, you need to verify the email address you used during registration. Go to your Sporcle Settings to finish the process.

Report this User

Report this user for behavior that violates our Community Guidelines.

Details: